01018nam a2200241 a 4500001000400000003000500004005001700009008004100026020001500067040002000082100001900102245011300121260007900234300001100313490003100324650003500355700003700390942001300427999001300440952010800453952011500561952010000676261CDMR20131024133328.0130130s2003||||||||||||||||||||||||||||d a8493343412 aCDMRbcatcCDMR1 aGil, Rosa917110aAquí Ràdiob: crònica de les ones a les comarques de Girona (1933-1982)cGil Rosa, Montserrat Minobis  aGironac2003bCol.legi de Periodistes de Catalunya. Demarcació de Girona a316 p.0 aPapers de comunicacióv30493756aRàdio localzCatalunya1 94003aMinobis, Montserratd1942- cMON2ddc c261d261 00104070aCDMRbCDMRd2013-01-16l4m4oEu /4pCDMR13097437Mr2019-05-27s2019-04-01w2013-01-16yMON 00104070aGIRONAbGIRONAd2010-12-03l1oBg 626 (2)pGIRONA13097439r2013-11-22s2013-11-22w2013-02-22yMON 00104070aGIRONAbGIRONAd2010-12-03l0oBg 626 pGIRONA13097438r2013-02-22w2013-02-22yMON